<?xml version="1.0" encoding="UTF-8"?>
<collection xmlns="http://www.loc.gov/MARC21/slim">
    <record>
        <controlfield tag="001">4471</controlfield>
        <controlfield tag="005">20190219123705.0</controlfield>
        <datafield tag="020" ind1=" " ind2=" ">
            <subfield code="a">978-84-692-9743-8</subfield>
        </datafield>
        <datafield tag="037" ind1=" " ind2=" ">
            <subfield code="a">TESIS-2009-091</subfield>
        </datafield>
        <datafield tag="041" ind1=" " ind2=" ">
            <subfield code="a">spa</subfield>
        </datafield>
        <datafield tag="100" ind1="1" ind2=" ">
            <subfield code="a">Crespo Rodríguez, Ana María</subfield>
        </datafield>
        <datafield tag="245" ind1="0" ind2="0">
            <subfield code="a">Estudio comparativo clínico-morfológico de las fístulas arteriovenosas durales intracraneales</subfield>
            <subfield code="b">Diferencias en el tratamiento endovascular</subfield>
        </datafield>
        <datafield tag="260" ind1=" " ind2=" ">
            <subfield code="a">Zaragoza</subfield>
            <subfield code="b">Universidad de Zaragoza</subfield>
            <subfield code="c">2007</subfield>
        </datafield>
        <datafield tag="300" ind1=" " ind2=" ">
            <subfield code="a">182</subfield>
        </datafield>
        <datafield tag="500" ind1=" " ind2=" ">
            <subfield code="a">Presentado:  19 11 2007</subfield>
        </datafield>
        <datafield tag="502" ind1=" " ind2=" ">
            <subfield code="a">Tesis-Univ. Zaragoza</subfield>
            <subfield code="b">Zaragoza, Universidad de Zaragoza</subfield>
            <subfield code="c">2007</subfield>
        </datafield>
        <datafield tag="506" ind1=" " ind2=" ">
            <subfield code="a">by-nc-nd</subfield>
            <subfield code="b">Creative Commons</subfield>
            <subfield code="c">3.0</subfield>
            <subfield code="u">https://creativecommons.org/licenses/by-nc-nd/3.0/</subfield>
        </datafield>
        <datafield tag="520" ind1=" " ind2=" ">
            <subfield code="a">HIPÓTESIS:  El trataminto endovascular en los pacientes con fístulas arteriovenosas durales (FAVD) con presentación hemorrágica debe ser más agresivo y más intenso para conseguir unos resultados similares, desde el punto de vista técnico y clínico, a los del grupo de pacientes con clínica distinta de la hemorragia. OBJETIVOS:  1. Identificar los factores de mal pronóstico en las FAVD. 2. Establecer una estrategia de tratamiento ajustada a las características angiográficas de las FAVD. 3. Establecer la tasa de detección de las FAVD en las C.C.A.A. de Aragón y La Rioja. MATERIAL Y MÉTODOS: Estudio retrospectivo de la serie de 46 pacientes con FAVD intracraneales que se trataron en el Hospital Universitario Miguel Servet entre enero de 1993 y diciembre de 2006. CONCLUSION: La terapia endovascular precoz, intensa y “a medida” consigue buenos resultados en los pacientes con FAVD que debutan con hemorragia y que, a priori, tienen peor pronóstico.</subfield>
        </datafield>
        <datafield tag="653" ind1="1" ind2=" ">
            <subfield code="a">FÍSTULAS ARTERIOVENOSAS DURALES</subfield>
        </datafield>
        <datafield tag="653" ind1="1" ind2=" ">
            <subfield code="a">MALFORMACIONES ARTERIOVENOSAS DURALES</subfield>
        </datafield>
        <datafield tag="653" ind1="1" ind2=" ">
            <subfield code="a">TRATAMIENTO ENDOVASCULAR</subfield>
        </datafield>
        <datafield tag="653" ind1="1" ind2=" ">
            <subfield code="a">EMBOLIZACIÓN</subfield>
        </datafield>
        <datafield tag="653" ind1="1" ind2=" ">
            <subfield code="a">NEURORRADIOLOGÍA</subfield>
        </datafield>
        <datafield tag="653" ind1="1" ind2=" ">
            <subfield code="a">NEUROINTERVENCIONISMO</subfield>
        </datafield>
        <datafield tag="700" ind1=" " ind2=" ">
            <subfield code="a">Gregorio Ariza, Miguel Ángel de</subfield>
            <subfield code="e">dir.</subfield>
        </datafield>
        <datafield tag="700" ind1=" " ind2=" ">
            <subfield code="a">Guelbenzu Morte, Santiago</subfield>
            <subfield code="e">dir.</subfield>
        </datafield>
        <datafield tag="710" ind1="2" ind2=" ">
            <subfield code="a">Universidad de Zaragoza</subfield>
            <subfield code="b">Pediatría, Radiología y Medicina Física</subfield>
        </datafield>
        <datafield tag="856" ind1="0" ind2=" ">
            <subfield code="f">zaguan@unizar.es</subfield>
        </datafield>
        <datafield tag="856" ind1="4" ind2=" ">
            <subfield code="s">2579113</subfield>
            <subfield code="u">http://zaguan.unizar.es/record/4471/files/TESIS-2009-091.pdf</subfield>
            <subfield code="z">Texto completo (spa)</subfield>
        </datafield>
        <datafield tag="909" ind1="C" ind2="O">
            <subfield code="o">oai:zaguan.unizar.es:4471</subfield>
        </datafield>
        <datafield tag="909" ind1="c" ind2="o">
            <subfield code="p">tesis</subfield>
        </datafield>
        <datafield tag="909" ind1="C" ind2="O">
            <subfield code="p">driver</subfield>
        </datafield>
        <datafield tag="910" ind1="2" ind2=" ">
            <subfield code="a">Medicina y especialidades médicas</subfield>
            <subfield code="b">Pediatría, Radiología y Medicina Física</subfield>
        </datafield>
        <datafield tag="980" ind1=" " ind2=" ">
            <subfield code="a">TESIS</subfield>
        </datafield>
    </record>

    
</collection>